Effect of replacng dried fish meal by dried cassava leaves meal on thefood digestion and digestive tract of broiler, (ប្រសិទ្អភាពនៃការជំនួសម្សៅត្រីដោយម្សៅស្លឹកដំឡូងឈើទៅលើលទ្ធភាពនៃការរំលាយអាហារ) (Record no. 1830)

000 -LEADER
fixed length control field 00706nam a22001577a 4500
003 - CONTROL NUMBER IDENTIFIER
control field OSt
005 - DATE AND TIME OF LATEST TRANSACTION
control field 20151003161108.0
008 - FIXED-LENGTH DATA ELEMENTS--GENERAL INFORMATION
fixed length control field 151003b xxu||||| |||| 00| 0 eng d
040 ## - CATALOGING SOURCE
Transcribing agency RUA
082 ## - DEWEY DECIMAL CLASSIFICATION NUMBER
Classification number AVM PRO 1993 B073 Or.1
100 ## - MAIN ENTRY--PERSONAL NAME
9 (RLIN) 1936
Personal name PROM VISAL
245 ## - TITLE STATEMENT
Title Effect of replacng dried fish meal by dried cassava leaves meal on thefood digestion and digestive tract of broiler, (ប្រសិទ្អភាពនៃការជំនួសម្សៅត្រីដោយម្សៅស្លឹកដំឡូងឈើទៅលើលទ្ធភាពនៃការរំលាយអាហារ)
260 ## - PUBLICATION, DISTRIBUTION, ETC. (IMPRINT)
Place of publication, distribution, etc. phnom penh
Name of publisher, distributor, etc. RUA
Date of publication, distribution, etc. 1993
300 ## - PHYSICAL DESCRIPTION
Extent ix, 49p.
Other physical details ill.
Dimensions 29cm.
942 ## - ADDED ENTRY ELEMENTS (KOHA)
Source of classification or shelving scheme
Koha item type AVM
Holdings
Price effective from Date last seen Permanent Location Not for loan Date acquired Source of classification or shelving scheme Koha item type Barcode Lost status Damaged status Shelving location Withdrawn status Current Location Full call number
2015-10-032015-10-03Library Block B 2015-10-03 AVMRUA015012  B073 Library Block BAVM PRO 1993 B073 Or.1
2015-10-032015-10-03Library Block B 2015-10-03 AVMRUA015262  B073 Library Block BAVM PRO 1993 B073 Or.2
មជ្ឈមណ្ឌលឯការនៃសាកលវិទ្យាល័យភូមិន្ទកសិកម្មចំការដូង

Powered by Koha